[Event "Udaipur Holi Cup 6th"]
[Site "Udaipur"]
[Date "2024.03.31"]
[Round "2"]
[White "Hardik, Shah"]
[Black "Kumar, Gaurav"]
[Result "1/2-1/2"]
[WhiteElo "1684"]
[BlackElo "2049"]
[PlyCount "37"]
[EventDate "2024.03.31"]
[EventType "swiss"]
[EventRounds "9"]
[EventCountry "IND"]
[SourceTitle "CB16_2024"]
[SourceDate "2024.04.17"]
[SourceVersion "1"]
[SourceVersionDate "2024.04.17"]
[SourceQuality "1"]

1. e4 c5 2. Nf3 Nc6 3. d4 cxd4 4. Nxd4 Nf6 5. Nc3 e6 6. Be3 Bb4 7. Nxc6 bxc6 8. Bd3 d5 9. exd5 exd5 10. Bd4 Qe7+ 11. Qe2 Qxe2+ 12. Bxe2 0-0 13. 0-0 Be6 14. a3 Bd6 15. Na4 Nd7 16. b4 Rfc8 17. Nc5 Nxc5 18. bxc5 Bc7 19. Bd3 1/2-1/2